IFM Opac

In the Company of Others: An Introduction to Communication (Record no. 16346)

MARC details
000 -LEADER
fixed length control field 00414nam a22001457a 4500
020 ## - INTERNATIONAL STANDARD BOOK NUMBER
International Standard Book Number 1559347384
082 ## - DEWEY DECIMAL CLASSIFICATION NUMBER
Classification number 302.2 ROT
100 ## - MAIN ENTRY--PERSONAL NAME
Personal name Rothwell, J. Dan
245 ## - TITLE STATEMENT
Title In the Company of Others: An Introduction to Communication
260 ## - PUBLICATION, DISTRIBUTION, ETC.
Place of publication, distribution, etc. New York
Name of publisher, distributor, etc. Rothwell
Date of publication, distribution, etc. 2000
300 ## - PHYSICAL DESCRIPTION
Extent xxv,534p
Other physical details ill.;25cm
500 ## - GENERAL NOTE
General note Includes Reference, Glossary and Index
650 ## - SUBJECT ADDED ENTRY--TOPICAL TERM
Topical term or geographic name entry element Introduction to Communication
942 ## - ADDED ENTRY ELEMENTS (KOHA)
Koha item type Books

No items available.